00424naa a2200133 a 450000100080000000500110000800800410001910000200006024501190008026000090019965000100020865300220021877300500024019672932013-09-27 1967 bl --- 0-- u #d1 aKNIPLING, E. B. aEffect of leaf aging on water deficit-water potential relationships of dogwood leaves growing in two environments. c1967 aFolha aDéficit de água tPhysiologia Plantarumgv. 20, p. 65-72, 1967.